Liptovská krajina Pavla Petráša Zakladateľ dvoch galérií, súkromnej a štátnej, sa dožil 65 rokov

Podrobná bibliografia
Hlavný autor: Dzúr, Ján (Autor)
Médium: Článok
Jazyk:slovenčina
Fyzický popis:Obr. 1
Predmet:

MARC

LEADER 00000nab a2200000 a 4500
001 vtls000592378
003 SK-MaSNL
005 20260303015857.0
008 160216c1996 xo 0 slo
015 |a SNBRB19rr/mm-uuuuu 
035 |a CL0592517 
040 |a SNKBUCL  |b slo  |c SNKBUCL  |e AACR2 
041 0 |a slo 
044 |a xo  |c SK 
080 |a 75.071.1  |2 1981 
080 |a 76.071.1  |2 1981 
080 |a 929 Petráš, Pavol  |2 1981 
100 1 |a Dzúr, Ján  |4 aut  |9 388857 
245 1 0 |a Liptovská krajina Pavla Petráša  |b Zakladateľ dvoch galérií, súkromnej a štátnej, sa dožil 65 rokov  |c Ján Dzúr 
300 |b Obr. 1 
600 1 7 |a Petráš, Pavol,  |d 1931-  |2 snkbucl  |9 113578 
655 7 |a články z novín a časopisov  |2 snkbucl  |9 267496 
773 0 |t Slovenská republika  |g Roč. 4, č. 190 (15. 8. 1996), s. 10 
850 |a Slovenská národná knižnica v Martine  |a MTA001 
852 |a SNK  |b KIS3GCP 
958 |a BX 
958 |a RK 
958 |a SK 
992 |a RBX 
999 |c 1615233  |d 1617163